| 000 | 00582nam a22001697a 4500 | ||
|---|---|---|---|
| 020 | _qHard Cover. | ||
| 082 | _a624.1 | ||
| 100 | _aJamshed, Amir | ||
| 245 |
_aCYCLIC RESPONSE OF STEEL-STRIP CONFINED REINFORCED CONCRETE BEAM-COLUMN JOINTS / _cAmir Jamshed |
||
| 260 |
_aIslamabad : _bMCE - NUST, _c2017. |
||
| 300 |
_a99 p. : ill. ; _c30cm. |
||
| 650 |
_aMS-Structural Engineering- _927335 |
||
| 700 |
_aDr. Muhammad Rizwan. _934659 |
||
| 856 | _uhttp://10.250.8.41:8080/xmlui/handle/123456789/20295 | ||
| 942 |
_2ddc _cSC |
||
| 999 |
_c540577 _d540577 |
||